| 000 | 00949nam a2200241 a 4500 | ||
|---|---|---|---|
| 001 | 000014241 | ||
| 003 | DO-SdBNP | ||
| 005 | 20250918104915.0 | ||
| 008 | 091208s1980 dr 000 0 spa d | ||
| 040 |
_aDO-SdBNP _bspa _cBNPHU |
||
| 082 |
_a304.632 _bR426s |
||
| 245 | 0 | 0 |
_aRepública Dominicana : _bsegunda encuesta nacional de fecundidad, 1980 ; informe general / _cpresentación Ramón Portes Carrasco. |
| 260 |
_aSanto Domingo : _bCONAPOFA : _bFNUAP, _c1980. |
||
| 300 |
_a185 p. ; _c28 cm. |
||
| 590 | _aInventariado, 2018/VM | ||
| 650 | 0 |
_aFertilidad humana _zRepública Dominicana _y1980 _913543 |
|
| 651 | 4 |
_aRepública Dominicana _xPoblación _y1980 _932157 |
|
| 700 | 1 | 2 |
_aPortes Carrasco, Ramón _932158 |
| 710 | 2 |
_aConsejo Nacional de Población y Familia (República Dominicana) _96985 |
|
| 710 |
_aFondo de las Naciones Unidas para Actividades de Población _932159 |
||
| 910 | _aValidado. Control de calidad MFF | ||
| 942 |
_2ddc _cLBS1 |
||
| 999 |
_c13840 _d13840 |
||